Stress management for you /

Bibliographic Details
Main Author: Mohan V.
Format: Book
Published: K.L: Pelanduk, 1995.
Subjects:
LEADER 00515cam a2200205 7i4500
001 0000041057
005 20151104090000.0
005 ##20151104152000.0
002 ##000001238
003 ##MY-KlINT
008 151104 00010 eng
020 # # |a 9679785327  
039 # 9 |y 201511041520  |z VLOAD 
090 0 0 |a 155.9042 MOH  
100 1 # |a Mohan V. 
245 0 0 |a Stress management for you /   |c V. Mohan.. 
260 # # |a K.L:   |b Pelanduk,   |c 1995. 
300 # # |a xiii:   |b 143 p.. 
650 # 0 |a Stress management  
650 # 0 |a Stress (Psychology)